|
|
|
|
| LEADER |
00000nam0a2200000 4500 |
| 001 |
90176 |
| 005 |
20231101213711.0 |
| 020 |
|
|
|a RU
|b 87-11942и
|
| 035 |
|
|
|a (RuTPU)RU\TPU\book\96713
|
| 090 |
|
|
|a 90176
|
| 100 |
|
|
|a 19950417d1987 m y0rusy5003 ca
|
| 101 |
0 |
|
|a eng
|a rus
|
| 102 |
|
|
|a RU
|
| 105 |
|
|
|a a z 000zb
|
| 200 |
1 |
|
|a Цветы
|e [альбом]
|f М. С. Сарьян
|g сост. Л. Л. Мирзоян , Ш. Г. Хачатрян
|
| 210 |
|
|
|a Москва
|c Советский художник
|d 1987
|
| 215 |
|
|
|a 270,[1] с.
|c в основном ил., цв. ил.
|d 30 см
|
| 300 |
|
|
|a Часть текста парал. : рус. , англ.
|
| 320 |
|
|
|a Библиогр. в конце кн. (66 назв.)
|
| 513 |
1 |
|
|a Flowers
|z eng
|
| 600 |
|
1 |
|a Сарьян
|b М. С.
|g Мартирос Сергеевич
|c российский живописец
|f 1880-1972
|2 stltpush
|3 (RuTPU)RU\TPU\pers\12338
|
| 606 |
1 |
|
|a Живописцы
|2 stltpush
|3 (RuTPU)RU\TPU\subj\10834
|9 37852
|
| 606 |
1 |
|
|a Растительные мотивы
|x Живопись
|2 stltpush
|3 (RuTPU)RU\TPU\subj\70511
|9 84749
|
| 610 |
1 |
|
|a армянская советская живопись
|
| 610 |
1 |
|
|a армянская советская графика
|
| 610 |
1 |
|
|a альбомы
|
| 610 |
1 |
|
|a творчество
|
| 675 |
|
|
|a 75.071(084)
|z rus
|v 3
|
| 675 |
|
|
|a 75.04(084)
|v 3
|
| 700 |
|
1 |
|a Сарьян
|b М. С.
|c российский живописец
|f 1880-1972
|g Мартирос Сергеевич
|2 stltpush
|3 (RuTPU)RU\TPU\pers\12338
|9 3348
|
| 702 |
|
1 |
|a Мирзоян
|b Л. Л.
|4 220
|
| 702 |
|
1 |
|a Хачатрян
|b Ш. Г.
|4 220
|
| 801 |
|
1 |
|a RU
|b 63413507
|c 20060207
|g PSBO
|
| 801 |
|
2 |
|a RU
|b 63413507
|c 20190211
|g PSBO
|
| 942 |
|
|
|c BK
|